Tackling Wicked Problems. Through the Transdisciplinary Imagination
محفوظ في:
| المؤلف الرئيسي: | |
|---|---|
| مؤلفون آخرون: | , |
| التنسيق: | غير معروف |
| اللغة: | الإنجليزية |
| منشور في: |
New York, USA
Earthscan
2010
|
| الطبعة: | First published |
| الموضوعات: | |
| الوسوم: |
إضافة وسم
لا توجد وسوم, كن أول من يضع وسما على هذه التسجيلة!
|
MARC
| LEADER | 00000 a2200000 4500 | ||
|---|---|---|---|
| 003 | CL-VaPUC | ||
| 005 | 20210701123718.0 | ||
| 008 | 210225b ||||| |||| 00| 0 eng d | ||
| 999 | |c 432573 |d 432571 | ||
| 020 | |a 978-1-84407-925-4 | ||
| 040 | |c Pontificia Universidad Católica de Valparaíso | ||
| 082 | |a 507.2 BRO 2010 |2 22 | ||
| 100 | |a Brown, Válerie A. |9 859549 |e editora | ||
| 245 | |a Tackling Wicked Problems. |b Through the Transdisciplinary Imagination | ||
| 250 | |a First published | ||
| 260 | |a New York, USA |b Earthscan |c 2010 | ||
| 300 | |a 312 páginas | ||
| 583 | |k Cristina Rojas |c 20210225 | ||
| 650 | |a Investigación interdisciplinar |9 859705 | ||
| 650 | |a Enfoque interdisciplinario del conocimiento |9 859706 | ||
| 650 | |a Problemas sociales |x Aspectos ambientales. |9 859707 | ||
| 700 | |a Harris, John A. |e editor |9 859631 | ||
| 700 | |a Russell, Jacqueline Y. |e editora |9 859632 | ||
| 852 | |a BIBCUR | ||
| 942 | |2 ddc |c BK | ||
| 952 | |0 0 |1 0 |2 ddc |4 0 |6 507_200000000000000_BRO_2010 |7 0 |9 577565 |a BIBARQ |b BIBARQ |d 2021-02-25 |e 3 |g 76906.00 |i 5582407 |o 507.2 BRO 2010 |p 5582407 |r 2025-01-20 |t 1 |v 76906.00 |w 2021-02-25 |y BK |k ARQ | ||